00815nam a22002177a 4500003001100000008004100011020001900052040003900071041000800110082001500118111006200133245007800195260004500273300001600318650004500334650006500379650004100444942000700485952009000492999001500582LK-CoMWRAF240503b2012 |||||||| |||| 00| 0 eng d a97895518580302 aLK-CoMWRAFdLK-CoMWRAFeLK-CoMWRAF aeng a331.8bASI aASIAN REGIONAL CONFERENCEc(Kandyd17-18th December,2011) aCan we be democratic without women's leadership?:ba collection of papers aKandy:bRed Flag Women's Movement,c2012 aiii., 88 p. aWOMEN'S LEADERSHIP-Tea plantation unions aWomen tea plantation workers-Economic and social conditions  aTea plantation workers--Labor unions cCP 00104070aMAINbMAINd2024-05-03l0o331.8 ASIpRAF5248r2024-05-03w2024-05-03yCP c4889d4889